Kovácsóczy Mihály
Elmentve itt :
| Dokumentumtípus: | Cikk |
|---|---|
| Megjelent: |
1946
|
| Sorozat: | Irodalom, tudomány : a Magyar-Szovjet Művelődési Társaság folyóirata
1 No. 2 |
| Kulcsszavak: | Magyar irodalom próza |
| Online Access: | http://misc.bibl.u-szeged.hu/3553 |
| LEADER | 00537nab a2200157 i 4500 | ||
|---|---|---|---|
| 001 | misc3553 | ||
| 005 | 20191106141838.0 | ||
| 008 | 170607s1946 hu o 0|| hun d | ||
| 040 | |a SZTE Miscellanea Repozitórium |b hun | ||
| 041 | |a hun | ||
| 245 | 0 | 0 | |a Kovácsóczy Mihály |h [elektronikus dokumentum] |
| 260 | |c 1946 | ||
| 300 | |a 24 | ||
| 490 | 0 | |a Irodalom, tudomány : a Magyar-Szovjet Művelődési Társaság folyóirata |v 1 No. 2 | |
| 695 | |a Magyar irodalom próza | ||
| 856 | 4 | 0 | |u http://misc.bibl.u-szeged.hu/3553/1/irtud_002_024.pdf |z Dokumentum-elérés |